Nalaganje...
Qualitative researching/
| Glavni avtor: | |
|---|---|
| Format: | Printed Book |
| Jezik: | English |
| Izdano: |
London
Sage Publications
1996
|
| Izdaja: | 2 |
| LEADER | 00438nam a2200145Ia 4500 | ||
|---|---|---|---|
| 008 | 160725s9999||||xx |||||||||||||| ||eng|| | ||
| 020 | |a 9780761974284 | ||
| 100 | |a Mason, Jennifer | ||
| 245 | |a Qualitative researching/ | ||
| 250 | |a 2 | ||
| 260 | |b Sage Publications |a London | ||
| 260 | |c 1996 | ||
| 300 | |a 223p. | ||
| 999 | |c 298207 |d 298207 | ||
| 952 | |0 0 |1 0 |4 0 |7 0 |8 CPE |9 338870 |a DPE |b DPE |c ST1 |d 2016-07-25 |g 1820.81 |i 1025 |l 0 |p CPE1025 |r 2016-07-25 |w 2016-07-25 |y BK | ||